| 000 | 00621nam a2200181 i 4500 | ||
|---|---|---|---|
| 001 | 104616 | ||
| 003 | ES-MaACL | ||
| 005 | 20250811073241.0 | ||
| 007 | t| | ||
| 008 | 051202s1836 sp ||||1| spa d | ||
| 110 | 1 |
_aEspaña. _bMinisterio de Gobernación. _93872 |
|
| 245 | 1 | 0 |
_aGuía del Ministerio para el presente año de 1836. Madrid, Imprenta Real, 1836 / _cMinisterio de la Gobernación del Reino. |
| 260 |
_aMadrid : _bMinisterio del Interior, _c1984. |
||
| 300 |
_a713 p. ; _c21 cm. |
||
| 710 | 1 |
_aEspaña. _bMinisterio del Interior _93941 |
|
| 852 |
_aES-MaACL _jL-7316 |
||
| 999 |
_c104616 _d104616 |
||